000 00326nam a2200121Ia 4500
008 240731s9999 xx 000 0 und d
022 _a1744-7607
245 0 _aExpert Opinion on Drug Metabolism & Toxicology
260 _bTaylor & Francis
856 _uhttps://www.tandfonline.com/loi/iemt20
942 _2ddc
942 _cTFEJ
999 _c76569
_d76569
945 _a1
_bMadushi Gamage
_c1
_dMadushi Gamage